El Clot : itinerari / [realització: Miquel Pérez Sánchez] itinerari / [realització:
Publicado:
[Barcelona] :
Consell Municipal Dte. Xè, Comissió de l'Arxiu Històric de Sant Martí de Provençals, DL 1982
Descripción Física:
24 p. : il., fot. ; 24 cm
MARC
| LEADER | 00000nam a2200000Ia 4500 | ||
|---|---|---|---|
| 001 | 15398 | ||
| 003 | BGR | ||
| 005 | 20260324175722.0 | ||
| 008 | 160829s9999 xx 000 0 cat d | ||
| 080 | |a FU-33-48 | ||
| 100 | |a Pérez i Sánchez, Miquel |9 28137 | ||
| 245 | |a El Clot : |b itinerari / [realització: |b Miquel Pérez Sánchez] | ||
| 260 | |a [Barcelona] : |b Consell Municipal Dte. Xè, Comissió de l'Arxiu Històric de Sant Martí de Provençals, DL 1982 | ||
| 300 | |a 24 p. : |b il., fot. ; |c 24 cm | ||
| 590 | |a A la portada: Arxiu Històric Municipal de Sant Martí de Provençals. | ||
| 590 | |a Variant del títol: Itinerari : el Clot | ||
| 650 | |a Clot (Barcelona) |x Guies |9 38986 | ||
| 651 | 0 | |a Clot (Barcelona, Catalunya) |x Edificis, estructures, etc. |9 55382 | |
| 710 | 2 | |a Arxiu Municipal de Barcelona |9 55021 | |
| 710 | 1 | |a Barcelona (Catalunya). |b Ajuntament |9 50981 | |
| 901 | |a Arxiu | ||
| 942 | |n 1 |2 udc |c MON | ||
| 952 | |0 0 |1 0 |4 0 |6 FU3348 |7 1 |9 48734 |a Arxiu |b Arxiu |d 2016-12-01 |l 0 |o FU-33-48 |p 15398 |r 2016-12-01 00:00:00 |w 2016-12-01 |y ARXIU | ||
| 999 | |c 52565 |d 52565 | ||